[Event "Campionato Italiano Femminile"]
[Site "Bratto"]
[Date "2002.08.20"]
[Round "1"]
[White "Ambrosi, Eleonora"]
[Black "Nenzi, Laura"]
[Result "1-0"]
[WhiteElo "2067"]
[BlackElo "1591"]
[PlyCount "99"]
[EventDate "2002.08.20"]
[SourceDate "2002.09.07"]

1. e4 e5 2. Nf3 Nc6 3. Bb5 a6 4. Bxc6 dxc6 5. O-O Bd6 6. d4 exd4 7. Qxd4 f6 8.
e5 Bxe5 9. Qe3 Ne7 10. Nxe5 fxe5 11. Qxe5 O-O 12. Bg5 Ng6 13. Bxd8 Nxe5 14.
Bxc7 Ng6 15. c4 Bf5 16. Rd1 Rf7 17. Bd6 Re8 18. Nc3 Rf6 19. c5 Rfe6 20. f4 Nh8
21. h3 h6 22. Kf2 Nf7 23. Bc7 R6e7 24. Bb6 h5 25. Rd4 Kh8 26. Rh1 Kg8 27. Rhd1
h4 28. R4d2 Kf8 29. Re2 Kg8 30. Rde1 Kf8 31. Nd1 Rxe2+ 32. Rxe2 Rxe2+ 33. Kxe2
Ke7 34. Kf3 g6 35. Ba5 Ke6 36. Ne3 Nh6 37. Be1 Bb1 38. a3 Nf5 39. Nxf5 Bxf5 40.
Bxh4 Kd5 41. Be7 Kc4 42. g4 Bc2 43. Kg3 Kb3 44. Bf6 Kc4 45. Kh4 Kd5 46. Kg5 Ke6
47. h4 Kd5 48. f5 gxf5 49. gxf5 Kxc5 50. h5 1-0

[Event "Campionato Italiano Femminile"]
[Site "Bratto"]
[Date "2002.08.20"]
[Round "1"]
[White "Bertozzi, Anna"]
[Black "Sautto, Alessandra"]
[Result "0-1"]
[WhiteElo "1479"]
[BlackElo "1677"]
[PlyCount "78"]
[EventDate "2002.08.20"]
[SourceDate "2002.09.07"]

1. e4 c5 2. Nf3 d6 3. Bc4 e6 4. Nc3 Nf6 5. Qe2 Nc6 6. d3 a6 7. a4 Qc7 8. Bf4
Be7 9. Qd1 Bd7 10. Bg3 Na5 11. Ba2 Nh5 12. Bh4 Bxh4 13. Nxh4 Nf6 14. O-O O-O
15. f4 b5 16. axb5 axb5 17. Qf3 b4 18. Ne2 Qd8 19. Qg3 d5 20. e5 Ne8 21. f5 Nc6
22. f6 g6 23. Qg5 Qc7 24. Nf3 Ra5 25. Bb3 c4 26. dxc4 dxc4 27. Bxc4 Qa7+ 28.
Kh1 Rxa1 29. Rxa1 Qxa1+ 30. Nfg1 Qxb2 31. Ng3 Qxe5 32. Qd2 Nxf6 33. Bb3 Qd4 34.
Qg5 Ra8 35. N3e2 Qe5 36. Qd2 Ng4 37. Nf3 Ra1+ 38. Neg1 Qc5 39. Qxd7 Nf2# 0-1

[Event "Campionato Italiano Femminile"]
[Site "Bratto"]
[Date "2002.08.20"]
[Round "1"]
[White "Brunello, Marina"]
[Black "Fittante, Giuliana"]
[Result "0-1"]
[WhiteElo "1500"]
[BlackElo "1794"]
[PlyCount "56"]
[EventDate "2002.08.20"]
[SourceDate "2002.09.07"]

1. e4 Nf6 2. e5 Nd5 3. c4 Nb6 4. d4 d6 5. Nf3 Bg4 6. Nc3 Nc6 7. Be2 dxe5 8.
dxe5 Qxd1+ 9. Kxd1 O-O-O+ 10. Bd2 Bxf3 11. gxf3 Nxe5 12. Ne4 Nbxc4 13. Kc2 f5
14. Nc3 Rxd2+ 15. Kc1 Nd3+ 16. Bxd3 Rxd3 17. Rd1 Rxf3 18. Nb5 a6 19. Nc3 e6 20.
Rf1 Bd6 21. Kc2 Be5 22. Nd1 Rd8 23. a3 Nxb2 24. Nxb2 Rc3+ 25. Kb1 Rb3 26. Kc1
Rxb2 27. Re1 Rb5 28. Rb1 Rc5# 0-1

[Event "Campionato Italiano Femminile"]
[Site "Bratto"]
[Date "2002.08.20"]
[Round "1"]
[White "Brunello, Roberta"]
[Black "Dieni, Eleonora"]
[Result "0-1"]
[WhiteElo "1600"]
[BlackElo "1600"]
[PlyCount "56"]
[EventDate "2002.08.20"]
[SourceDate "2002.09.07"]

1. e4 e5 2. Nf3 Nc6 3. d4 exd4 4. Nxd4 Nf6 5. Nc3 Bb4 6. Qd3 d5 7. Nxc6 bxc6 8.
Bd2 Bxc3 9. Qxc3 Qd6 10. e5 Qe6 11. Be2 Ne4 12. Qd3 Nxd2 13. Qxd2 Qxe5 14. c3
O-O 15. O-O Re8 16. Rfe1 Bf5 17. Bd3 Qf6 18. Qc2 Bxd3 19. Qxd3 Qg6 20. Qa6 Qd6
21. Qxa7 Rxe1+ 22. Rxe1 Rxa7 23. Re8+ Qf8 24. Rxf8+ Kxf8 25. a3 c5 26. Kf1 Rb7
27. b4 cxb4 28. axb4 Rb6 0-1

[Event "Campionato Italiano Femminile"]
[Site "Bratto"]
[Date "2002.08.20"]
[Round "1"]
[White "Castellano, Fulvia"]
[Black "Santurbano, Maria Vincenza"]
[Result "0-1"]
[WhiteElo "1495"]
[BlackElo "1743"]
[PlyCount "80"]
[EventDate "2002.08.20"]
[SourceDate "2002.09.07"]

1. e4 e5 2. Nf3 Nc6 3. d4 exd4 4. Nxd4 Bc5 5. Be3 Qf6 6. c3 Nge7 7. Bc4 O-O 8.
O-O Nxd4 9. Bxd4 Bxd4 10. Qxd4 Qxd4 11. cxd4 d6 12. Nc3 Nc6 13. Nb5 Bd7 14.
Nxc7 Rac8 15. Nd5 Rfe8 16. f3 Nxd4 17. Rac1 Be6 18. Kf2 Kf8 19. Rfd1 Nc6 20.
Ne3 Red8 21. Rd2 Ne5 22. b3 b5 23. f4 Nxc4 24. bxc4 Bxc4 25. Nxc4 Rxc4 26. Rxc4
bxc4 27. Rd4 Rc8 28. Rxd6 c3 29. Rd1 Rc4 30. Ke3 Ra4 31. Ra1 c2 32. Kd2 Rxe4
33. g3 Ke7 34. Kxc2 Re2+ 35. Kd3 Rxh2 36. a4 Rg2 37. Rb1 Rxg3+ 38. Kd4 h5 39.
Rb7+ Kf6 40. Rxa7 h4 0-1

[Event "Campionato Italiano Femminile"]
[Site "Bratto"]
[Date "2002.08.20"]
[Round "1"]
[White "Clappa, Ilaria"]
[Black "Costantini, Laura"]
[Result "0-1"]
[WhiteElo "1561"]
[BlackElo "2047"]
[PlyCount "68"]
[EventDate "2002.08.20"]
[SourceDate "2002.09.07"]

1. d4 Nf6 2. c4 g6 3. Nc3 Bg7 4. Nf3 O-O 5. e4 d6 6. Be2 e5 7. O-O Na6 8. h3
exd4 9. Nxd4 Nc5 10. Bf3 Re8 11. Re1 a5 12. Ndb5 Bd7 13. Qc2 Bc6 14. Bf4 Nfd7
15. Rad1 Ne5 16. Be2 Rc8 17. Be3 Qh4 18. f4 Ned7 19. Bg4 Nxe4 20. Bxd7 Nxc3 21.
Bf2 Qxf4 22. Bxc8 Nxd1 23. Rxe8+ Bxe8 24. Qxd1 Qxc4 25. Nc3 Bc6 26. Qe1 Be5 27.
Bg3 Qd4+ 28. Kh1 Bf6 29. Bg4 h5 30. Bf2 Qf4 31. Bg3 Qg5 32. Bd1 h4 33. Ne4 Bxe4
34. Qxe4 Qxg3 0-1

[Event "Campionato Italiano Femminile"]
[Site "Bratto"]
[Date "2002.08.20"]
[Round "1"]
[White "Decataldo, Alba"]
[Black "Bianchini, Aurora"]
[Result "0-1"]
[WhiteElo "1899"]
[BlackElo "1552"]
[PlyCount "138"]
[EventDate "2002.08.20"]
[SourceDate "2002.09.07"]

1. e4 e5 2. Nf3 Nc6 3. d4 exd4 4. Bc4 Bb4+ 5. c3 dxc3 6. bxc3 Be7 7. Qd5 Nh6 8.
Bxh6 O-O 9. Bg5 d6 10. Bxe7 Qxe7 11. O-O Be6 12. Qb5 a6 13. Qa4 b5 14. Bxb5
axb5 15. Qxb5 Na5 16. Nbd2 Rfb8 17. Qh5 Nc6 18. Ng5 h6 19. Nxe6 Qxe6 20. a4 Ra5
21. Qd1 Rba8 22. Nb3 R5a7 23. Re1 Ne7 24. a5 Nc6 25. Nd4 Nxd4 26. cxd4 Rxa5 27.
Rxa5 Rxa5 28. d5 Qe8 29. h3 Qb8 30. Qc2 Rc5 31. Qd2 Qb7 32. Qd4 f6 33. Kh2 Qb6
34. Qd2 Qa5 35. Qe2 Qc3 36. Rb1 Rc4 37. Rb8+ Kh7 38. Qg4 Qe5+ 39. g3 Rxe4 40.
Qf3 Rd4 41. Qc3 Qxd5 42. Qc2+ Qe4 43. Qxe4+ Rxe4 44. Kg2 Re7 45. Kf3 Kg6 46.
Kf4 Kf7 47. Kf5 Rd7 48. Ke4 d5+ 49. Kd4 c6 50. Rc8 Rd6 51. Rc7+ Kg6 52. Re7 Rd8
53. Rc7 Ra8 54. Rxc6 Ra2 55. Kxd5 Rxf2 56. Rc3 Rh2 57. h4 Kh5 58. Ke6 Rh3 59.
Kf5 g5 60. hxg5 fxg5 61. g4+ Kh4 62. Rc6 Kg3 63. Rc3+ Kh4 64. Rc6 Rf3+ 65. Ke4
Kxg4 66. Rxh6 Rf7 67. Rg6 Re7+ 68. Kd3 Kf4 69. Rf6+ Kg3 0-1

[Event "Campionato Italiano Femminile"]
[Site "Bratto"]
[Date "2002.08.20"]
[Round "1"]
[White "Panella, Fiammetta"]
[Black "Vittimberga, Valeria"]
[Result "1/2-1/2"]
[WhiteElo "1693"]
[BlackElo "1482"]
[PlyCount "59"]
[EventDate "2002.08.20"]
[SourceDate "2002.09.07"]

1. e4 e6 2. d4 d5 3. exd5 exd5 4. Nf3 Nf6 5. Bd3 Bg4 6. O-O Be7 7. Bf4 O-O 8.
h3 Bh5 9. Re1 Nbd7 10. Bxc7 Qxc7 11. Rxe7 Rfe8 12. Rxe8+ Rxe8 13. Nbd2 Ne4 14.
Be2 Ndf6 15. c3 Qf4 16. Nf1 g5 17. g3 Qf5 18. Kg2 g4 19. hxg4 Nxg4 20. Ne3
Nxe3+ 21. fxe3 Qg4 22. Qe1 Nf6 23. Qf2 Ne4 24. Qe1 Nf6 25. Qg1 Qe4 26. Re1 Ng4
27. Kh3 Nxe3 28. Nd2 Qe6+ 29. g4 Nxg4 30. Kh4 1/2-1/2

[Event "Campionato Italiano Femminile"]
[Site "Bratto"]
[Date "2002.08.20"]
[Round "1"]
[White "Sirletti, Sonia"]
[Black "Tonel, Giulia"]
[Result "1-0"]
[WhiteElo "1786"]
[BlackElo "1500"]
[PlyCount "125"]
[EventDate "2002.08.20"]
[SourceDate "2002.09.07"]

1. d4 d5 2. c4 e6 3. Nc3 Nf6 4. Bg5 Be7 5. e3 O-O 6. Nf3 b6 7. cxd5 exd5 8. Bd3
Be6 9. Rc1 Nbd7 10. O-O c5 11. Qe2 h6 12. Bh4 c4 13. Bb1 a6 14. Bxf6 Nxf6 15.
e4 b5 16. e5 Nd7 17. Qc2 g6 18. Qd2 Kg7 19. h3 Nb6 20. Nd1 a5 21. Nh2 b4 22. f4
f5 23. g4 Qd7 24. Ne3 fxg4 25. hxg4 Qc6 26. f5 gxf5 27. gxf5 Bd7 28. f6+ Bxf6
29. exf6+ Rxf6 30. Rxf6 Qxf6 31. Rf1 Qg5+ 32. Qg2 Qxg2+ 33. Kxg2 Rf8 34. Rxf8
Kxf8 35. Nf3 Kg7 36. Ne5 Be6 37. Nc6 Na4 38. a3 bxa3 39. bxa3 Nc3 40. Bc2 a4
41. Nb4 h5 42. Kf2 Kf6 43. Bf5 Bf7 44. Bd7 Kg5 45. Bc6 h4 46. Nbxd5 Ne4+ 47.
Kg2 Be6 48. Bxa4 h3+ 49. Kh2 Kh4 50. Nf4 Bg4 51. Nxg4 Kxg4 52. Nxh3 Kf5 53. Bc2
c3 54. Nf2 Ke6 55. Bxe4 Kd6 56. Kg3 c2 57. Nd3 Ke6 58. a4 Kd6 59. Kf4 Kc7 60.
Ke5 Kb6 61. Nc1 Ka5 62. Bxc2 Kb4 63. d5 1-0

[Event "Campionato Italiano Femminile"]
[Site "Bratto"]
[Date "2002.08.21"]
[Round "2"]
[White "Bianchini, Aurora"]
[Black "Sirletti, Sonia"]
[Result "0-1"]
[WhiteElo "1552"]
[BlackElo "1786"]
[PlyCount "108"]
[EventDate "2002.08.20"]
[SourceDate "2002.09.07"]

1. d4 Nf6 2. c4 g6 3. Nc3 Bg7 4. e4 d6 5. Nf3 O-O 6. Be2 e5 7. d5 a5 8. O-O h6
9. b3 Na6 10. Nd2 Nh7 11. a3 Bd7 12. Rb1 f5 13. f3 f4 14. b4 axb4 15. axb4 h5
16. Qe1 g5 17. g4 fxg3 18. hxg3 Bh3 19. Rf2 g4 20. fxg4 hxg4 21. Rxf8+ Qxf8 22.
Nd1 Bh6 23. Nb3 Bxc1 24. Nxc1 Ng5 25. Ne3 Nf3+ 26. Bxf3 Qxf3 27. Ra1 Rf8 28.
Nb3 Qxe4 29. b5 Nb4 30. Kh2 Nc2 31. Nd2 Qxe3 32. Qxe3 Nxe3 33. Re1 Rf2+ 34. Kg1
Rg2+ 35. Kh1 Rxg3 36. Re2 Bg2+ 37. Kh2 Rh3+ 38. Kg1 Bxd5 39. cxd5 Nxd5 40. Ne4
Kg7 41. Rg2 Ne3 42. Re2 Kg6 43. Nf2 Rg3+ 44. Kh2 Rg2+ 45. Kh1 g3 46. Rxe3 Rxf2
47. Rxg3+ Kf5 48. Rc3 c6 49. bxc6 bxc6 50. Rxc6 Ke6 51. Kg1 Rf7 52. Kg2 e4 53.
Rc3 Ke5 54. Rc8 e3 0-1

[Event "Campionato Italiano Femminile"]
[Site "Bratto"]
[Date "2002.08.21"]
[Round "2"]
[White "Brunello, Marina"]
[Black "Bertozzi, Anna"]
[Result "0-1"]
[WhiteElo "1500"]
[BlackElo "1479"]
[PlyCount "90"]
[EventDate "2002.08.20"]
[SourceDate "2002.09.07"]

1. e4 e6 2. d4 d5 3. e5 Nc6 4. Nf3 Bd7 5. c4 Bb4+ 6. Bd2 Bxd2+ 7. Nbxd2 Nge7 8.
Bd3 Nb4 9. Be2 Nf5 10. a3 Nc6 11. Nb3 a5 12. Nc5 b6 13. Nxd7 Qxd7 14. cxd5 Qxd5
15. Qa4 O-O 16. Bc4 Qe4+ 17. Be2 Ncxd4 18. Kd1 Qxe2+ 19. Kc1 Nxf3 20. gxf3 Qxe5
21. f4 Qc5+ 22. Kb1 Rfd8 23. Ka2 b5 24. Qe4 Qd5+ 25. Qxd5 exd5 26. Rad1 Ra6 27.
Rhe1 Re6 28. Rg1 Re2 29. Rg2 Ne3 30. Rxg7+ Kxg7 31. Rg1+ Kf6 32. fxe3 Rxe3 33.
f5 d4 34. h4 d3 35. h5 h6 36. a4 bxa4 37. b3 axb3+ 38. Kxb3 d2+ 39. Kb2 d1=Q
40. Rxd1 Rxd1 41. Kc2 Rh1 42. Kd2 Ra3 43. Kc2 Rh2+ 44. Kb1 Rg3 45. Kc1 Rg1# 0-1

[Event "Campionato Italiano Femminile"]
[Site "Bratto"]
[Date "2002.08.21"]
[Round "2"]
[White "Costantini, Laura"]
[Black "Sautto, Alessandra"]
[Result "1-0"]
[WhiteElo "2047"]
[BlackElo "1677"]
[PlyCount "27"]
[EventDate "2002.08.20"]
[SourceDate "2002.09.07"]

1. e4 e6 2. d4 d5 3. Nc3 Bb4 4. e5 c5 5. Bd2 cxd4 6. Nb5 Bc5 7. Qg4 Ne7 8. Qxg7
Rg8 9. Qxh7 a6 10. b4 Qd7 11. Nf3 axb5 12. bxc5 Nbc6 13. Bg5 Rg6 14. h4 1-0

[Event "Campionato Italiano Femminile"]
[Site "Bratto"]
[Date "2002.08.21"]
[Round "2"]
[White "Decataldo, Alba"]
[Black "Panella, Fiammetta"]
[Result "1/2-1/2"]
[WhiteElo "1899"]
[BlackElo "1693"]
[PlyCount "130"]
[EventDate "2002.08.20"]
[SourceDate "2002.09.07"]

1. e4 c5 2. d4 cxd4 3. c3 dxc3 4. Nxc3 Nc6 5. Nf3 d6 6. Bc4 e6 7. O-O Be7 8.
Qe2 a6 9. Rd1 Qc7 10. Bf4 Nf6 11. Rac1 Nh5 12. Be3 Qa5 13. Nd4 Nf6 14. Bb3 O-O
15. Qf3 Ne5 16. Qe2 b5 17. f4 Ng6 18. Nc6 Qc7 19. Nxe7+ Qxe7 20. Qd3 Bb7 21. a3
Ng4 22. h3 Nxe3 23. Qxe3 Rfd8 24. Ne2 Rac8 25. Bc2 Qf6 26. b4 Rc7 27. e5 dxe5
28. Rxd8+ Qxd8 29. Rd1 Qa8 30. Bxg6 hxg6 31. Qb6 Rc8 32. fxe5 Bxg2 33. Nf4 Bh1
34. Qf2 Rc3 35. Qh2 Bf3 36. Qd2 Rxa3 37. Qd8+ Qxd8 38. Rxd8+ Kh7 39. Rd7 Rc3
40. Kf2 Rb3 41. Rxf7 Bd5 42. Nxd5 exd5 43. Rd7 Rxb4 44. Rxd5 Rc4 45. Ke3 Rc8
46. Ke4 Rb8 47. e6 b4 48. Ke5 b3 49. Rd1 b2 50. Rb1 Kg8 51. Kd6 Kf8 52. Kc7 Rb3
53. Kd6 Ke8 54. e7 Rd3+ 55. Ke6 Re3+ 56. Kd6 Rxe7 57. Rxb2 Rd7+ 58. Ke6 Re7+
59. Kd6 Re3 60. Ra2 Kf7 61. Rf2+ Kg8 62. Ra2 Rxh3 63. Rxa6 Kh7 64. Ke5 Kh6 65.
Kf4 Rh5 1/2-1/2

[Event "Campionato Italiano Femminile"]
[Site "Bratto"]
[Date "2002.08.21"]
[Round "2"]
[White "Fittante, Giuliana"]
[Black "Dieni, Eleonora"]
[Result "1-0"]
[WhiteElo "1794"]
[BlackElo "1600"]
[PlyCount "79"]
[EventDate "2002.08.20"]
[SourceDate "2002.09.07"]

1. d4 d5 2. Nf3 Nf6 3. Bg5 h6 4. Bh4 e6 5. e3 c5 6. c3 Nc6 7. Bd3 c4 8. Bc2 Bd7
9. Nbd2 b5 10. e4 Qc7 11. Bxf6 gxf6 12. exd5 exd5 13. Qe2+ Be6 14. Nh4 O-O-O
15. O-O Bd6 16. Ndf3 Rde8 17. Nf5 Bf4 18. g3 Rhg8 19. Kh1 Kb8 20. Qd1 Bxf5 21.
Bxf5 Bd6 22. b3 Ne7 23. Bh3 f5 24. Nh4 f4 25. Qf3 fxg3 26. fxg3 Bxg3 27. Nf5
Nxf5 28. Bxf5 Bxh2 29. Qxd5 a6 30. bxc4 Qxc4 31. Qxc4 bxc4 32. Rab1+ Kc7 33.
Kxh2 Re2+ 34. Kh3 Re3+ 35. Kh4 Rgg3 36. Rbe1 Rxc3 37. Re7+ Kd6 38. Rxf7 Rgf3
39. Rxf3 Rxf3 40. Rd7+ 1-0

[Event "Campionato Italiano Femminile"]
[Site "Bratto"]
[Date "2002.08.21"]
[Round "2"]
[White "Nenzi, Laura"]
[Black "Castellano, Fulvia"]
[Result "1-0"]
[WhiteElo "1591"]
[BlackElo "1495"]
[PlyCount "76"]
[EventDate "2002.08.20"]
[SourceDate "2002.09.07"]

1. e4 c5 2. c3 d6 3. d4 cxd4 4. cxd4 Nc6 5. Nf3 Nf6 6. Nc3 e6 7. Bb5 Bd7 8. O-O
Be7 9. Re1 a6 10. Ba4 b5 11. Bb3 O-O 12. e5 Ne8 13. d5 exd5 14. Bxd5 Nc7 15.
Bf4 Nxd5 16. Nxd5 dxe5 17. Nxe7+ Qxe7 18. Bxe5 Nxe5 19. Rxe5 Qb4 20. Qxd7 Rfd8
21. Qe7 Qxb2 22. Rae1 h6 23. R5e2 Qb3 24. Qb7 Qa3 25. Ne5 Re8 26. Qxf7+ Kh7 27.
Qg6+ Kg8 28. Qf7+ Kh7 29. h3 Rf8 30. Qb3 Qa5 31. Qd3+ Kg8 32. Nf3 Rad8 33. Qb3+
Kh7 34. Qb2 Qb6 35. Re7 Rg8 36. Ne5 Qf6 37. Qc2+ Kh8 38. Ng6+ Kh7 1-0

[Event "Campionato Italiano Femminile"]
[Site "Bratto"]
[Date "2002.08.21"]
[Round "2"]
[White "Santurbano, Maria Vincenza"]
[Black "Ambrosi, Eleonora"]
[Result "0-1"]
[WhiteElo "1743"]
[BlackElo "2067"]
[PlyCount "92"]
[EventDate "2002.08.20"]
[SourceDate "2002.09.07"]

1. e4 e6 2. d4 d5 3. Nc3 c6 4. e5 c5 5. Nf3 Nc6 6. dxc5 Bxc5 7. Bd3 f6 8. exf6
Nxf6 9. O-O O-O 10. Qe2 a6 11. a3 Qe8 12. Ne5 Bd4 13. Nxc6 bxc6 14. Be3 c5 15.
Qd2 e5 16. Bxd4 cxd4 17. Nd1 Ne4 18. Qb4 a5 19. Qb5 Qe6 20. c4 Ba6 21. Bxe4
Bxb5 22. Bxd5 Qxd5 23. cxd5 Bxf1 24. Kxf1 Rad8 25. Ke2 e4 26. Rc1 Rxd5 27. Rc4
Kf7 28. Rc7+ Kf6 29. Rc6+ Kf5 30. Rc7 Kg6 31. Rc4 Rf7 32. Rc8 Re7 33. Rc6+ Kf7
34. Rc4 Ke6 35. Rc8 Kd6 36. Rc4 Rc7 37. Rxc7 Kxc7 38. Kd2 a4 39. Ke2 Kd6 40.
Kd2 h5 41. h3 Rc5 42. h4 Kd5 43. g3 Kc4 44. Kc2 d3+ 45. Kd2 Kb3 46. Nc3 Rxc3
0-1

[Event "Campionato Italiano Femminile"]
[Site "Bratto"]
[Date "2002.08.21"]
[Round "2"]
[White "Tonel, Giulia"]
[Black "Clappa, Ilaria"]
[Result "1/2-1/2"]
[WhiteElo "1500"]
[BlackElo "1561"]
[PlyCount "147"]
[EventDate "2002.08.20"]
[SourceDate "2002.09.07"]

1. e4 e6 2. d4 d5 3. exd5 exd5 4. Bd3 c5 5. dxc5 Bxc5 6. Nf3 Bg4 7. Qe2+ Ne7 8.
Nbd2 Nbc6 9. O-O a6 10. Re1 Nd4 11. Qd1 Qb6 12. Rf1 Nec6 13. c3 Ne6 14. Qc2 h6
15. b4 Bd6 16. Re1 Rc8 17. h3 Bxf3 18. Nxf3 Qd8 19. Qb3 O-O 20. Be3 Ne5 21. Be2
Nc4 22. Bxc4 Rxc4 23. Nd4 Qf6 24. a3 Rfc8 25. Rac1 Be5 26. Nxe6 fxe6 27. Rc2
Rxc3 28. Rxc3 Rxc3 29. Qa4 Rc6 30. b5 Rc4 31. Qb3 axb5 32. Qxb5 Rc2 33. Re2 Rc7
34. Bd2 Kh7 35. Qb6 Rf7 36. Qe3 Bf4 37. Qd3+ Kg8 38. Bxf4 Qxf4 39. Qb3 Rc7 40.
g3 Qf5 41. Kg2 Qf6 42. Qb6 Re7 43. f4 Qf5 44. Qd6 Qf6 45. Qe5 Kf7 46. Kf3 Qg6
47. Qe3 Qh5+ 48. Kg2 d4 49. Qe5 Qxe5 50. Rxe5 g6 51. Re2 Kf6 52. Rd2 Rd7 53.
Kf3 Rc7 54. Ke4 Rc3 55. Rd3 Rxd3 56. Kxd3 e5 57. Ke4 d3 58. Kxd3 exf4 59. gxf4
Kf5 60. Ke3 h5 61. a4 b6 62. Kf3 g5 63. fxg5 Kxg5 64. Kg3 Kg6 65. Kf4 Kf6 66.
Ke4 Ke6 67. Kd4 h4 68. Kc4 Kd6 69. Kb5 Kc7 70. Ka6 Kc6 71. Ka7 Kc7 72. Ka8 Kc8
73. Ka7 Kc7 74. Ka6 1/2-1/2

[Event "Campionato Italiano Femminile"]
[Site "Bratto"]
[Date "2002.08.21"]
[Round "2"]
[White "Vittimberga, Valeria"]
[Black "Brunello, Roberta"]
[Result "1-0"]
[WhiteElo "1482"]
[BlackElo "1600"]
[PlyCount "123"]
[EventDate "2002.08.20"]
[SourceDate "2002.09.07"]

1. e4 e5 2. Nf3 Nc6 3. Bb5 d6 4. c3 Bd7 5. O-O Nf6 6. Re1 Be7 7. d4 O-O 8. Bg5
a6 9. Bc4 Bg4 10. d5 Nb8 11. Nbd2 c6 12. Bxf6 Bxf6 13. a4 a5 14. Qb3 Qc7 15.
Be2 Nd7 16. c4 Rfb8 17. Qc3 cxd5 18. cxd5 Qxc3 19. bxc3 Nc5 20. Reb1 b6 21. h3
Bd7 22. Bb5 Bxb5 23. Rxb5 Bd8 24. Ra2 f6 25. Nh4 g6 26. Nhf3 Ra7 27. Ne1 Rab7
28. f3 Na6 29. g4 Nc7 30. Rb3 b5 31. Rab2 Kf7 32. Nc4 Ne8 33. Rxb5 Rxb5 34.
Rxb5 Rxb5 35. axb5 a4 36. b6 a3 37. b7 a2 38. Nc2 Bc7 39. Na5 Bb6+ 40. Kf1 Bc7
41. Nc6 h6 42. b8=Q Bxb8 43. Nxb8 Nc7 44. Nc6 Nb5 45. c4 Na3 46. Na1 Nxc4 47.
Nb4 h5 48. Nxa2 hxg4 49. hxg4 f5 50. g5 fxe4 51. fxe4 Nd2+ 52. Kg2 Nxe4 53. Nc2
Nxg5 54. Ne3 Kf6 55. Nc3 Nf7 56. Kf3 Nh6 57. Ng4+ Nxg4 58. Kxg4 g5 59. Ne4+ Ke7
60. Nxg5 Kd7 61. Kf5 Kc7 62. Ke6 1-0

[Event "Campionato Italiano Femminile"]
[Site "Bratto"]
[Date "2002.08.22"]
[Round "3"]
[White "Ambrosi, Eleonora"]
[Black "Fittante, Giuliana"]
[Result "1-0"]
[WhiteElo "2067"]
[BlackElo "1794"]
[PlyCount "101"]
[EventDate "2002.08.20"]
[SourceDate "2002.09.07"]

1. e4 e5 2. Nf3 Nf6 3. Nxe5 d6 4. Nf3 Nxe4 5. Nc3 Nxc3 6. dxc3 Be7 7. Bf4 Nc6
8. Qd2 Be6 9. Bd3 Bf6 10. O-O-O O-O 11. Kb1 Qd7 12. h4 Bf5 13. Ng5 Ne5 14. f3
Nxd3 15. cxd3 Qa4 16. g4 Be6 17. Nxe6 fxe6 18. d4 e5 19. Bg5 exd4 20. cxd4 Rae8
21. Be3 Qb5 22. f4 c5 23. Rh2 Re4 24. dxc5 Rfe8 25. cxd6 Bxb2 26. Qd5+ Qxd5 27.
Rxd5 Rxe3 28. Kxb2 Kf7 29. f5 Rd8 30. Rc2 Ke8 31. Rc7 Rd7 32. Rc8+ Rd8 33. d7+
Ke7 34. Rc7 Re4 35. f6+ gxf6 36. Rh5 Rxg4 37. Rxh7+ Ke6 38. Rxb7 a5 39. Rb3
Rg2+ 40. Ka3 Rg4 41. Rh3 Rd4 42. h5 Ke5 43. h6 f5 44. Rg7 Kf6 45. Rh5 Rg4 46.
Rxg4 fxg4 47. h7 Rh8 48. d8=Q+ Rxd8 49. h8=Q+ Rxh8 50. Rxh8 Kf5 51. Ka4 1-0

[Event "Campionato Italiano Femminile"]
[Site "Bratto"]
[Date "2002.08.22"]
[Round "3"]
[White "Bertozzi, Anna"]
[Black "Santurbano, Maria Vincenza"]
[Result "1/2-1/2"]
[WhiteElo "1479"]
[BlackElo "1743"]
[PlyCount "21"]
[EventDate "2002.08.20"]
[SourceDate "2002.09.07"]

1. e4 e5 2. Nf3 Nc6 3. Bc4 Be7 4. Nc3 Nf6 5. d3 d6 6. h3 Be6 7. Bxe6 fxe6 8.
Ng5 Qd7 9. Be3 h6 10. Nf3 d5 11. Ne2 1/2-1/2

[Event "Campionato Italiano Femminile"]
[Site "Bratto"]
[Date "2002.08.22"]
[Round "3"]
[White "Brunello, Roberta"]
[Black "Brunello, Marina"]
[Result "1/2-1/2"]
[WhiteElo "1600"]
[BlackElo "1500"]
[PlyCount "67"]
[EventDate "2002.08.20"]
[SourceDate "2002.09.07"]

1. e4 e5 2. Nf3 Nc6 3. d4 exd4 4. Nxd4 Bc5 5. Be3 Qf6 6. c3 Nge7 7. Bc4 Ne5 8.
Be2 Qg6 9. O-O O-O 10. Nb5 Bxe3 11. fxe3 Qc6 12. Qd4 N5g6 13. Nd2 a6 14. Na3
Nh4 15. Nf3 Nhg6 16. Nc4 d5 17. Nce5 Qd6 18. exd5 h6 19. Nxg6 Nxg6 20. Nd2 b5
21. Ne4 Qd7 22. d6 Bb7 23. Nc5 Qc8 24. d7 Qb8 25. Nxb7 Qxb7 26. Bf3 c6 27. Rad1
Rad8 28. Qe4 Rxd7 29. Rxd7 Qxd7 30. Rd1 Qa7 31. Kh1 Ne7 32. Bg4 f5 33. Qe6+ Kh8
34. Bf3 1/2-1/2

[Event "Campionato Italiano Femminile"]
[Site "Bratto"]
[Date "2002.08.22"]
[Round "3"]
[White "Castellano, Fulvia"]
[Black "Tonel, Giulia"]
[Result "0-1"]
[WhiteElo "1495"]
[BlackElo "1500"]
[PlyCount "116"]
[EventDate "2002.08.20"]
[SourceDate "2002.09.07"]

1. e4 e5 2. Nf3 Nc6 3. d4 exd4 4. Nxd4 Qf6 5. Be3 b6 6. Be2 Bb7 7. Nc3 Nge7 8.
Ncb5 O-O-O 9. O-O Kb8 10. Qd3 Ne5 11. Qa3 N7c6 12. Nxc6+ Nxc6 13. Qb3 Qg6 14.
Nc3 Bd6 15. a4 a5 16. Rfe1 f6 17. Rad1 Bb4 18. Rf1 Bxc3 19. bxc3 Qxe4 20. Bf3
Qe6 21. Qb2 Ne5 22. Bxb7 Kxb7 23. Rb1 Nc4 24. Qc1 Nxe3 25. Re1 Rhe8 26. Rxe3
Qa2 27. Ra1 Qc4 28. Qe1 Re6 29. Qd2 Rxe3 30. Qxe3 Ka7 31. Qe7 Qg8 32. c4 Qf8
33. Re1 Kb7 34. Qe4+ Kb8 35. Qe7 Kc8 36. Qe4 d6 37. Qc6 Qf7 38. Rb1 Re8 39. Kf1
Qe7 40. g3 Qe4 41. Qxe4 Rxe4 42. Re1 Rxe1+ 43. Kxe1 Kd7 44. Kd2 Kc6 45. Kd3 Kc5
46. Kc3 c6 47. f3 d5 48. cxd5 Kxd5 49. Kd3 g6 50. h3 b5 51. axb5 cxb5 52. h4 a4
53. Kc3 Kc5 54. g4 b4+ 55. Kb2 Kc4 56. Ka2 Kd4 57. Kb2 Ke3 58. c4 bxc3+ 0-1

[Event "Campionato Italiano Femminile"]
[Site "Bratto"]
[Date "2002.08.22"]
[Round "3"]
[White "Clappa, Ilaria"]
[Black "Decataldo, Alba"]
[Result "0-1"]
[WhiteElo "1561"]
[BlackElo "1899"]
[PlyCount "142"]
[EventDate "2002.08.20"]
[SourceDate "2002.09.07"]

1. d4 Nf6 2. c4 d5 3. Nc3 e6 4. Bg5 Be7 5. e3 h6 6. Bh4 Nbd7 7. Nf3 O-O 8. Bd3
dxc4 9. Bxc4 a6 10. a4 b6 11. e4 Bb7 12. Qc2 Re8 13. O-O Nf8 14. Rad1 N6d7 15.
Bg3 Ng6 16. d5 e5 17. Ne2 Bd6 18. h4 Nf6 19. Ne1 Nh5 20. Nd3 Rf8 21. Qc1 Bc8
22. Rde1 Bd7 23. Bb3 Qe8 24. Qd1 Rc8 25. Nc3 Nxg3 26. fxg3 b5 27. axb5 axb5 28.
h5 Ne7 29. g4 b4 30. Ne2 Ra8 31. Ng3 Ba4 32. Nf5 Bxb3 33. Qxb3 Nxf5 34. Rxf5
Qe7 35. Ref1 Qh4 36. Qd1 Rac8 37. Qf3 Qe7 38. Qg3 f6 39. Rc1 Ra8 40. Rff1 Ra6
41. Kh1 Rc8 42. Qh3 Rca8 43. Rf2 Qd7 44. Rfc2 Qb5 45. Nc5 Ra1 46. Ne6 Rxc1+ 47.
Rxc1 Qe2 48. g5 fxg5 49. Qf5 Qxh5+ 50. Kg1 Qf7 51. Qxf7+ Kxf7 52. Nxc7 Rc8 53.
Rf1+ Ke7 54. Ne6 g6 55. Kh2 Rc4 56. Re1 Rc2 57. b3 Rc3 58. Rf1 Rxb3 59. Nf8 Re3
60. Nxg6+ Kd8 61. Rf6 Bc5 62. Nxe5 Rxe4 63. Nc6+ Kd7 64. Rf7+ Kd6 65. Rf5 b3
66. Rf1 Kxd5 67. Na5 b2 68. Rb1 Bd4 69. Nb3 Be5+ 70. Kh3 Re3+ 71. Kg4 Rxb3 0-1

[Event "Campionato Italiano Femminile"]
[Site "Bratto"]
[Date "2002.08.22"]
[Round "3"]
[White "Dieni, Eleonora"]
[Black "Bianchini, Aurora"]
[Result "0-1"]
[WhiteElo "1600"]
[BlackElo "1552"]
[PlyCount "73"]
[EventDate "2002.08.20"]
[SourceDate "2002.09.07"]

1. e4 e5 2. Nf3 Nc6 3. Bb5 a6 4. Ba4 Nf6 5. d3 b5 6. Bb3 h6 7. O-O Bc5 8. Re1
d6 9. h3 O-O 10. Nc3 Ne7 11. Be3 Bxe3 12. Rxe3 Ng6 13. Nd5 Nxd5 14. Bxd5 Rb8
15. Nh2 Nf4 16. Ng4 Nxd5 17. exd5 f5 18. Nh2 f4 19. Re1 Rf6 20. Ng4 Rg6 21. Kh2
Bxg4 22. hxg4 Qh4+ 23. Kg1 Rxg4 24. f3 Rg5 25. Qd2 Rh5 26. Kf1 Rg5 27. Kg1 Rf8
28. Qf2 Qh5 29. Kf1 Qg6 30. Re2 Rh5 31. Ree1 Rff5 32. Ke2 Rh2 33. Rg1 Rg5 34.
Kf1 Qh5 35. Re1 Qh4 36. Qxh4 Rxh4 37. Rh1 0-1